| 000 | 00728nam a22002177a 4500 | ||
|---|---|---|---|
| 005 | 20140210170509.0 | ||
| 010 | _aB-506594-595 | ||
| 020 |
_a9788131710289 _c199.00 |
||
| 035 | _aB-506594-595 | ||
| 037 | _aKKP/Ven | ||
| 082 | _a796.019 | ||
| 100 | _aBam,B.P. | ||
| 245 |
_aWinning Habits/ _cby B.P.Bam |
||
| 246 | _aWinning Habits | ||
| 260 |
_aDelhi _bPearson Education _c20? |
||
| 270 |
_a7th Floor, Knowledge Boulevard, A-8(A), Sec-62 _bNoida _e201309 |
||
| 300 |
_a226p. _c21 cm (pbk) |
||
| 500 | _a. | ||
| 942 |
_2ddc _cEN _mBAM _h796.019 |
||
| 999 |
_c76066 _d76066 |
||